| 000 | 00964nas a2200301 4500 | ||
|---|---|---|---|
| 001 | BR2014002299 | ||
| 003 | BR-BrBNA | ||
| 005 | 20231205123922.0 | ||
| 007 | ta | ||
| 008 | 230509b bl.|||p| |||| 00| 00por d | ||
| 040 |
_aBR-BrBNA _bpor _cBiblioteca Nacional de Agricultura |
||
| 041 | _a(Pt) | ||
| 072 | _aP10; U10 | ||
| 100 | 1 | _aLopes, F. | |
| 100 | 1 | _aMerten, G.H. | |
| 100 | 1 | _aFranzen, M. | |
| 100 | 1 | _aGiasson, E. | |
| 100 | 1 | _aHelfer, F. | |
| 100 | 1 | _aCybis, L.F.A. | |
| 245 | 1 | _aUtilização de P-Index em uma bacia hidrográfica através de técnicas de geoprocessamento | |
| 650 | _aRESÍDUO INDUSTRIAL | ||
| 650 | _aCANA DE AÇÚCAR | ||
| 650 | _aPROPRIEDADE FÍSICO-QUÍMICA | ||
| 650 | _aDESENVOLVIMENTO SUSTENTÁVEL | ||
| 773 | 0 |
_tRevista Brasileira de Engenharia Agrícola e Ambiental (Brazil) _xISSN 1415-4366 _g(Jun 2007), v. 11(3) p. 312-317 _wBR2014002299 |
|
| 909 |
_a202311 _bLúcia _c55 _dLúcia Elande |
||
| 942 |
_2AGRIS _n0 _cANA |
||
| 999 |
_c236382 _d236382 |
||